00594cam a22001817a 4500008004000000082001500040100002000055245006200075260004100137300001000178440005400188500001000242650001400252650002000266700002100286999001900307952008600326180718b1973 xxu||||| |||| 00| 0 eng d aB253 D137s aDahl, Robert A. aSize and democracycby Robert A. Dahl and Edward R. Tufte aStanfordbStanford Univ. Pressc1973 a148p. aThe Politics of the smaller European democracies. a$6.95 aDemocracy aStates, Size of aTufte, Edward R. c343305d343305 00104070aIIPAbIIPAd1993-09-28oB253 D137sp49188r2018-07-21w2018-07-21yBK